[Event "Griesheim op"]
[Site "Griesheim"]
[Date "2011.05.??"]
[Round "4"]
[White "Boetticher, Tim"]
[Black "Freund, Karlheinz"]
[Result "1-0"]
[WhiteElo "2056"]
[BlackElo "1911"]
[PlyCount "71"]
[EventDate "2011.05.??"]
[EventType "swiss"]
[EventRounds "5"]
[EventCountry "GER"]
[SourceTitle "CBM 142 Extra"]
[Source "ChessBase"]
[SourceDate "2011.06.27"]
[SourceVersion "1"]
[SourceVersionDate "2011.06.27"]
[SourceQuality "1"]

1. e4 d6 2. d4 Nd7 3. Nf3 c6 4. Nc3 Qc7 5. Be2 e5 6. 0-0 Ngf6 7. Re1 h6 8. b3 g5 9. Bb2 Bg7 10. Rb1 Nh7 11. dxe5 dxe5 12. a4 Bf8 13. Bc4 Be7 14. Qe2 Nhf8 15. Nd2 Ng6 16. Nf1 Nf6 17. Ne3 Nf4 18. Qf1 Bb4 19. Bd3 Qa5 20. Nc4 Qc5 21. Red1 Bg4 22. Na2 Bxd1 23. Rxd1 0-0 24. c3 Nxd3 25. Qxd3 Rad8 26. Qxd8 Rxd8 27. Rxd8+ Kh7 28. cxb4 Qe7 29. Rd3 Nxe4 30. Nxe5 Nd6 31. Kf1 f6 32. Nf3 Nf5 33. Nc3 g4 34. Nd2 Qxb4 35. Nce4 g3 36. hxg3 1-0

[Event "Seville op 33rd"]
[Site "Seville"]
[Date "2008.01.06"]
[Round "2"]
[White "Freund, Karlheinz"]
[Black "Fernandez Romero, Ernesto"]
[Result "0-1"]
[WhiteElo "2045"]
[BlackElo "2462"]
[PlyCount "69"]
[EventDate "2008.01.05"]
[EventType "swiss"]
[EventRounds "9"]
[EventCountry "ESP"]
[SourceTitle "CBM 122 Extra"]
[Source "ChessBase"]
[SourceDate "2008.03.04"]
[SourceVersion "1"]
[SourceVersionDate "2008.03.04"]
[SourceQuality "1"]

1. d4 Nf6 2. Nc3 c5 3. d5 e5 4. g3 d6 5. Bg2 g6 6. Nf3 Bg7 7. 0-0 0-0 8. e4 Na6 9. Nd2 Nc7 10. a4 Ng4 11. Nc4 f5 12. f3 Nf6 13. Bg5 h6 14. Bxf6 Qxf6 15. Qd3 f4 16. g4 Ne8 17. Rfb1 h5 18. h3 hxg4 19. hxg4 Rf7 20. b4 cxb4 21. Rxb4 Bf8 22. Nd2 Be7 23. Nf1 Nc7 24. Nd1 Na6 25. Rb2 Nc5 26. Qe2 Bxg4 27. fxg4 f3 28. Bxf3 Qxf3 29. Qxf3 Rxf3 30. Nf2 Raf8 31. c4 Bh4 32. Raa2 Bxf2+ 33. Rxf2 Rxf2 34. Rxf2 Rxf2 35. Kxf2 0-1